Prénoms masculins les plus populaires par L - Statistiques

Statistiques générales
  • Ce quiz a été pris 2 715 fois
  • Le résultat moyen est 6 sur 10
Statistiques - réponses
Hint Réponse % Correct
9ème Luc
87%
10ème Léo
85%
1er Louis
82%
2ème Laurent
66%
5ème Léon
66%
7ème Lucas
66%
3ème Lucien
56%
4ème Ludovic
36%
6ème Loïc
35%
8ème Lionel
22%
Aucun quiz correspondant
Distribution des résultats
% des personnes avec chaque résultat
Percentile par nombre de réponses
Votre historique - résultats
Vous n’avez pas pris ce quiz